000 00245nam a2200085Ia 4500
008 170620s9999 xx 000 0 und d
100 _aChaddha- Satish C.
245 0 _aTeacher in the Emerging Indian Society
260 _bMeerut- International Publishing House
260 _c2004
999 _c23937
_d23937